000 00245 a2200109 4500
001 63939
040 _cAnchieta - Pituba
240 1 0 _aGincana interna Anchieta 2018
_lpor
245 1 0 _aGincana interna Anchieta 2018
650 4 _aArtes
942 _cMX
999 _c63939
_d63939